Estadísticas para Países cercanos a Estados Unidos

Haz click aquí para intentar la prueba.

Estadísticas generales

  • Esta prueba ha sido intentada 1.773 veces
  • La puntuación promedio es 18 de 22

Estadísticas de respuestas

DistanciaPaís% Correcto
0 miCanadá
100%
0 miMéxico
100%
93 miCuba
97%
653 miGuatemala
93%
1044 miPanamá
93%
1053 miColombia
92%
579 miHaití
92%
608 miHonduras
91%
665 miRepública Dominicana
91%
1121 miVenezuela
91%
953 miCosta Rica
90%
844 miEl Salvador
90%
471 miJamaica
90%
671 miNicaragua
90%
53 miBahamas
89%
578 miBelice
89%
2 miRusia
87%
1311 miAntigua y Barbuda
69%
1366 miJapón
69%
1248 miSan Cristóbal y Nieves
62%
1342 miFrancia (Guadalupe)
41%
1035 miKiribati
29%

Distribución de puntuación

Porcentaje por número respondido

Porcentaje de gente con cada puntuación

Historial de tus puntuaciones

No has intentado esta prueba.